| 000 | 00403cam a2200145ua 4500 | ||
|---|---|---|---|
| 041 |
_aeng _h |
||
| 082 |
_a371.26 _bAHM/TE |
||
| 100 | _aAhmann, Stanley J . | ||
| 245 |
_aTesting student achievments and aptitudes / _cStanley J Ahmann. _hTextual Documents |
||
| 260 |
_aNew Delhi : _bPrentice Hall of India Pvt Ltd. , _c1965. |
||
| 300 | _a118 ; . | ||
| 504 | _a | ||
| 942 | _cBK | ||
| 999 |
_c11549 _d11549 |
||